000 00740cab a2200193 4500
001 ABS44082
008 090401t1991 xxu||||| |||| 00| 0 eng d
035 _a(Sirsi) u45274
041 _aeng
245 _aMerseyside
260 _c1991
350 _a0
490 _aInvestors Chronicle
_v95(1207) 15 February 1991, 63-76(7)
520 _aSpecial report on Merseyside looking at investment , professional services , the work of the Merseyside Development Corporation , the urban regeneration initiative at St Helens Ravenhead Renaissance . commercial property and the effects of the airport .
650 _aLIVERPOOL AIRPORT
690 _aPROPERTY-COMMERCIAL PROPERTY-COMMERCIAL PROPERTY MARKET
942 _n0
948 _c04/03/1997
999 _c28775
_d28775